| 000 | 00579nam a2200181 a 4500 | ||
|---|---|---|---|
| 001 | 000032381 | ||
| 005 | 20240530073920.0 | ||
| 008 | 091021s19uu dr a 000 0 spa d | ||
| 040 |
_aDO-SdBNP _bspa _cBNPHU |
||
| 082 |
_aRD863.44 _bM896c |
||
| 100 | 1 |
_a Moscoso Puello, F. E., _q (Francisco Eujenio) _d1885-1959 _958361 |
|
| 245 | 1 | 0 |
_aCañas y bueyes / _cFrancisco Moscoso Puello. |
| 260 |
_aSanto Domingo : _bEditorial La Nación, _c[196?]. |
||
| 300 |
_a420 p. : _bil. ; _c21 cm. |
||
| 650 | 0 |
_aNovela dominicana _9223 |
|
| 650 | 0 |
_aLiteratura dominicana. _967 |
|
| 049 | _aBNPD | ||
| 999 |
_c31872 _d31872 |
||